[Event "1. liga V 18/19, Hostalkova-Orlova"]
[Site ""]
[Date "2019.03.03"]
[Round "9.8"]
[White "Walica, Roman"]
[Black "Vraj, Ondrej"]
[Result "1-0"]
[WhiteElo "2065"]
[BlackElo "1985"]
[PlyCount "0"]
[WhiteTeam "SK Slavia Orlova"]
[BlackTeam "Sachy Hostalkova"]
[EventDate "2018.10.21"]

1. e4 c6 2. d4 d5 3. e5 Bf5 4. Nf3 e6 5. Nbd2 c5 6. c4 Nc6 7. cxd5 exd5 8. Bb5
a6 9. Bxc6+ bxc6 10. O-O Qb6 11. dxc5 Bxc5 12. Nb3 Ne7 13. Bd2 Qa7 14. Nxc5
Qxc5 15. Rc1 Qb6 16. Bg5 Rc8 17. Qd2 h6 18. Bxe7 Kxe7 19. Nd4 Bd7 20. b4 Rhe8
21. Qe3 Rb8 22. a3 Kf8 23. Rfe1 Kg8 24. f4 Re7 25. Kh1 Rbe8 26. Nf5 Qb8 27.
Nxe7+ Rxe7 28. Qc5 Re8 29. Qd4 Qb7 30. Rc3 Bf5 31. Rec1 Re6 32. Rg3 Kh7 33. h3
Kh8 34. Kh2 Kh7 35. Rgc3 h5 36. Rc5 Be4 37. g3 Kg8 38. R1c3 Kh7 39. Rc1 Kg8 40.
Qc3 Qb6 41. a4 Kh7 42. a5 Qa7 43. Qd4 Qb7 44. R5c3 Qb5 45. Re1 Bf5 46. Rc5 Qb7
47. Rg1 Qd7 48. Rc3 Rg6 49. h4 Re6 50. Rd1 f6 51. Re3 Bc2 52. Rd2 Ba4 53. Qd3+
Kh6 54. f5 Re7 55. exf6 gxf6 56. Rde2 Rf7 57. Qd2 Kg7 58. Re6 d4 59. Qf4 d3 60.
Rg2 Qc7 61. Qd4 Bb5 62. Kg1 Qd7 63. Qe3 Bc4 64. g4 Bd5 65. Rg3 Bxe6 66. gxh5+
Kf8 67. fxe6 d2 68. exd7 d1=Q+ 69. Kh2 Qxd7 70. h6 Re7 71. Qf2 f5 72. Qb2 Rh7
73. Qf6+ Rf7 74. Qh8+ Ke7 75. Qe5+ Qe6 76. Qc7+ Kf6 77. Qd8+ Re7 78. Qh8+ Kf7
79. Qg8+ 1-0

[Event "1. liga V 18/19, Gordic-Trinec"]
[Site ""]
[Date "2019.03.03"]
[Round "9.1"]
[White "Zwardon, Vojtech"]
[Black "Stohl, Igor"]
[Result "0-1"]
[WhiteElo "2452"]
[BlackElo "2488"]
[PlyCount "0"]
[WhiteTeam "SK Gordic"]
[BlackTeam "TZ Trinec"]
[EventDate "2018.10.21"]

1. c4 e6 2. Nc3 d5 3. d4 Nf6 4. Bg5 Be7 5. cxd5 Nxd5 6.
Bxe7 Qxe7 7. Nf3 O-O 8. Rc1 c6 9. e4 Nxc3 10. Rxc3 b6 11. Bd3 Bb7 12. e5 Rc8
13. h4 h6 14. g4 c5 15. g5 Nc6 16. gxh6 Nxd4 17. Ng5 Bxh1 18. Bh7+ Kf8 19.
hxg7+ Kxg7 20. Rg3 Kf8 21. Bg8 Ke8 22. Bxf7+ Kd7 23. Bxe6+ Kc7 24. Bxc8 Rxc8
25. f4 Rd8 26. Rd3 Be4 27. Rd2 Bf5 28. h5 Rg8 29. Rg2 Rd8 30. Qa4 Kb8 31. h6
Qb7 32. Kf2 Qd5 33. Rh2 Nc2 34. Nf3 Qd3 35. Qb3 Qe4 36. h7 Bxh7 37. Qf7 Qe3+
38. Kg3 Rg8+ 39. Qxg8+ Bxg8 40. Rxc2 Bd5 41. Rc3 Qe2 42. b3 a5 43. a3 Kb7 44.
f5 Bxf3 45. Rxf3 Qxe5+ 46. Kg4 Qf6 47. Re3 Qd4+ 0-1

[Event "1. liga V 18/19, Gordic-Trinec"]
[Site ""]
[Date "2019.03.03"]
[Round "9.2"]
[White "Szotkowski, Jakub"]
[Black "Holtman, Teodor"]
[Result "1-0"]
[WhiteElo "2383"]
[BlackElo "2282"]
[PlyCount "0"]
[WhiteTeam "TZ Trinec"]
[BlackTeam "SK Gordic"]
[EventDate "2018.10.21"]

1. d4 f5 2. g3 Nf6 3. Bg2 g6 4. Nf3 Bg7 5. b3 O-O 6.
Bb2 d6 7. O-O c6 8. Nbd2 Re8 9. Re1 Qa5 10. a4 Na6 11. c3 e5 12. dxe5 dxe5 13.
b4 Qd8 14. e4 Nxe4 15. Nxe4 Qxd1 16. Raxd1 fxe4 17. Ng5 Bg4 18. Ra1 e3 19. Rxe3
Nc7 20. c4 Ne6 21. Nxe6 Rxe6 22. h3 Bf5 23. g4 Bc2 24. Rc3 1-0

[Event "1. liga V 18/19, Gordic-Trinec"]
[Site ""]
[Date "2019.03.03"]
[Round "9.4"]
[White "Walek, Milan"]
[Black "Seidl, Stepan"]
[Result "1/2-1/2"]
[WhiteElo "2293"]
[BlackElo "2160"]
[PlyCount "0"]
[WhiteTeam "TZ Trinec"]
[BlackTeam "SK Gordic"]
[EventDate "2018.10.21"]

1. e4 c5 2. Nf3 d6 3. d4 cxd4 4. Nxd4 Nf6 5. Nc3 g6 6.
Be3 Bg7 7. f3 Nc6 8. Qd2 O-O 9. Bc4 Bd7 10. Bb3 Ne5 11. O-O-O Rc8 12. h4 h5 13.
Bg5 Qa5 14. Kb1 Qd8 15. g4 hxg4 16. Bxf6 Bxf6 17. h5 g5 18. Nd5 gxf3 19. Rhg1
e6 20. Ne3 Kh7 21. Rdf1 g4 22. Nxg4 Nxg4 23. Rxg4 e5 24. Nf5 Bxf5 25. exf5 Rg8
26. Ra4 Rg7 27. a3 Qc7 28. Qe3 a6 29. Qxf3 Rcg8 30. Bd5 Rg3 31. Qd1 b5 32. Re4
Qa7 33. Ree1 a5 34. Qe2 Qd7 35. Qf2 b4 36. a4 Qe8 37. Qa7 Qe7 38. Qxe7 Bxe7 39.
f6 Bf8 40. Bxf7 R8g4 41. Bg6+ Kh6 42. Ka2 Kg5 43. Rf5+ Kh6 44. Re2 Rd4 1/2-1/2

[Event "1. liga V 18/19, Gordic-Trinec"]
[Site ""]
[Date "2019.03.03"]
[Round "9.6"]
[White "Sikora, Jan"]
[Black "Zigo, Viktor"]
[Result "1/2-1/2"]
[WhiteElo "2168"]
[BlackElo "2272"]
[PlyCount "0"]
[WhiteTeam "TZ Trinec"]
[BlackTeam "SK Gordic"]
[EventDate "2018.10.21"]

1. e4 e5 2. Bc4 Nf6 3. d3 c6 4. Nf3 d5 5. Bb3 Nbd7 6.
Nc3 Bb4 7. exd5 Nxd5 8. Bd2 Nxc3 9. bxc3 Be7 10. O-O O-O 11. Re1 Bf6 12. Qc1 a5
13. a4 b5 14. d4 exd4 15. Nxd4 Bb7 16. axb5 cxb5 17. Nxb5 Nc5 18. Bc4 Ne4 19.
Bd3 Nxd2 20. Qxd2 Rc8 21. Qf4 Rc5 22. Rab1 Ba6 23. g3 Bxb5 24. Rxb5 Rxb5 25.
Bxb5 Bxc3 26. Rb1 Qd4 1/2-1/2

[Event "1. liga V 18/19, Gordic-Trinec"]
[Site ""]
[Date "2019.03.03"]
[Round "9.7"]
[White "Walek, Petr"]
[Black "Fargac, Martin"]
[Result "1-0"]
[WhiteElo "2221"]
[BlackElo "2255"]
[PlyCount "0"]
[WhiteTeam "SK Gordic"]
[BlackTeam "TZ Trinec"]
[EventDate "2018.10.21"]

1. e4 e5 2. Nf3 Nc6 3. d4 exd4 4. Nxd4 Nf6 5. Nxc6 bxc6
6. e5 Qe7 7. Qe2 Nd5 8. c4 Nb6 9. Nc3 Qe6 10. Qe4 Bb4 11. Bd2 Rb8 12. b3 Bb7
13. Bd3 c5 14. Qe2 O-O 15. O-O d6 16. a3 Bxc3 17. Bxc3 Rfe8 18. Qh5 g6 19. Qh6
dxe5 20. f4 Qg4 21. Rf2 Nd7 22. Raf1 Re7 23. Be2 Qe6 24. fxe5 Nxe5 25. Rf6 Qd7
26. Bxe5 Rxe5 27. Rxf7 Qxf7 28. Rxf7 Kxf7 29. Qf4+ 1-0

[Event "1. liga V 18/19, Gordic-Trinec"]
[Site ""]
[Date "2019.03.03"]
[Round "9.8"]
[White "Cupek, Martin"]
[Black "Brychta, David"]
[Result "1/2-1/2"]
[WhiteElo "2052"]
[BlackElo "2121"]
[PlyCount "0"]
[WhiteTeam "TZ Trinec"]
[BlackTeam "SK Gordic"]
[EventDate "2018.10.21"]

1. c4 Nf6 2. Nc3 d5 3. d4 g6 4. Nf3 Bg7 5. cxd5 Nxd5 6.
e4 Nxc3 7. bxc3 c5 8. Bb5+ Bd7 9. Bxd7+ Nxd7 10. O-O O-O 11. Qd3 Qc7 12. Bg5 e6
13. Rab1 b6 14. Rfe1 Rfe8 15. Bh4 Rac8 16. Bg3 Qd8 17. Rbd1 c4 18. Qb1 Qe7 19.
Qb5 Nf6 20. Qa6 Nh5 21. Be5 Bxe5 22. Nxe5 Qc7 23. Re3 1/2-1/2

[Event "1. liga V 18/19, RnK-BSS"]
[Site ""]
[Date "2019.03.03"]
[Round "9.1"]
[White "Sabuk, Piotr"]
[Black "Vesselovsky, Serguei"]
[Result "1-0"]
[WhiteElo "2391"]
[BlackElo "2341"]
[PlyCount "0"]
[WhiteTeam "Panda Rychnov n. K."]
[BlackTeam "BSS Frydek-Mistek "B""]
[EventDate "2018.10.21"]

1. d4 Nf6 2. c4 e6 3. Nf3 b6 4. a3 Ba6 5. Qc2 c5 6. d5 exd5 7. cxd5 g6 8. Nc3
Bg7 9. h4 d6 10. h5 Nxh5 11. g4 Nf6 12. Bh6 Bxh6 13. Rxh6 Nbd7 14. g5 Ng8 15.
Rh4 h5 16. Qa4 Bb7 17. Bh3 a6 18. Ne4 Ke7 19. Nxd6 Kxd6 20. Qf4+ Ke7 21. Bxd7
Qxd7 22. Qe5+ Kf8 23. Qxh8 Qxd5 24. Rd1 Qf5 25. Qe5 Bxf3 26. Qxf5 gxf5 27. exf3
Ne7 28. Rd6 b5 29. Rxh5 Kg7 30. Rhh6 Ng6 31. Kd1 c4 32. Rd5 f4 33. Rh1 Rc8 34.
Kd2 Re8 35. Re1 Rh8 36. Ke2 Re8+ 37. Kd1 Rh8 38. a4 bxa4 39. Ra5 Rd8+ 40. Kc2
Nh4 41. Rd1 Rc8 42. Rd4 Nxf3 43. Rxf4 Ne1+ 44. Kc3 Nd3 45. Rxc4 Rxc4+ 46. Kxc4
Nxb2+ 47. Kd4 f6 48. gxf6+ Kxf6 49. f4 Nd1 50. Rxa4 Nf2 51. Ke3 Ng4+ 52. Kf3
Nh2+ 53. Ke4 Ng4 54. Rxa6+ Kf7 55. Kf5 Ne3+ 56. Kg5 Nd5 57. f5 Ne3 58. Ra7+ Kf8
59. Rd7 Ke8 60. Rd3 Nc4 61. Kf6 1-0

[Event "1. liga V 18/19, RnK-BSS"]
[Site ""]
[Date "2019.03.03"]
[Round "9.2"]
[White "Rabatin, Jakub"]
[Black "Kozusek, Daniel"]
[Result "1-0"]
[WhiteElo "2313"]
[BlackElo "2350"]
[PlyCount "0"]
[WhiteTeam "BSS Frydek-Mistek "B""]
[BlackTeam "Panda Rychnov n. K."]
[EventDate "2018.10.21"]

1. Nf3 d5 2. d4 e6 3. c4 c6 4. e3 Bd6 5. Bd3 f5 6. O-O Nf6 7. b3 Qe7 8. a4 a5
9. Ba3 Bxa3 10. Nxa3 O-O 11. Nc2 b6 12. Nce1 Na6 13. Ne5 Nb4 14. Rc1 c5 15.
cxd5 exd5 16. Bb5 Ne4 17. N1d3 Bb7 18. Nd7 Na2 19. Nxf8 Nec3 20. Qh5 Nxc1 21.
Rxc1 Nxb5 22. Qxh7+ Kxf8 23. axb5 c4 24. bxc4 dxc4 25. Ne5 Qg5 26. g3 Rc8 27.
h4 Qh6 28. Qxf5+ 1-0

[Event "1. liga V 18/19, RnK-BSS"]
[Site ""]
[Date "2019.03.03"]
[Round "9.3"]
[White "Fiedorek, Michal"]
[Black "Holeksa, Zdenek"]
[Result "1-0"]
[WhiteElo "2049"]
[BlackElo "2232"]
[PlyCount "0"]
[WhiteTeam "Panda Rychnov n. K."]
[BlackTeam "BSS Frydek-Mistek "B""]
[EventDate "2018.10.21"]

1. e4 c5 2. Nf3 Nc6 3. d4 cxd4 4. Nxd4 g6 5. c4 Bg7 6. Be3 Nf6 7. Nc3 O-O 8.
Be2 d6 9. O-O Nxd4 10. Bxd4 Be6 11. f4 Qc8 12. Rc1 Bg4 13. Bxg4 Nxg4 14. Nd5
Re8 15. b4 e6 16. Bxg7 exd5 17. cxd5 Qd7 18. Ba1 Rxe4 19. Qc2 Qf5 20. Qb2 f6
21. h3 Ne3 22. g4 Nxg4 23. hxg4 Qxg4+ 24. Qg2 Qf5 25. Bxf6 Rae8 26. Qg5 Qh3 27.
Qh4 Qxh4 28. Bxh4 Rxb4 29. Rb1 Ree4 30. Bg5 b6 31. Rbc1 Rbc4 32. Kg2 Rc5 33.
Kf3 Rd4 34. Rxc5 dxc5 35. Re1 Rxd5 36. Re8+ Kg7 37. Re7+ Kg8 38. Rxa7 c4 39.
Bf6 b5 40. Ke4 Rd2 41. Ke3 Rc2 42. a3 Rh2 43. Kd4 Rh3 44. Kd5 Re3 45. Be5 Rd3+
46. Ke6 Rd8 47. Rg7+ Kf8 48. Rxh7 Re8+ 49. Kf6 Kg8 50. Rg7+ Kh8 51. Kf7 1-0

[Event "1. liga V 18/19, RnK-BSS"]
[Site ""]
[Date "2019.03.03"]
[Round "9.4"]
[White "Taus, Martin"]
[Black "Machlowski, Slawomir"]
[Result "1/2-1/2"]
[WhiteElo "2117"]
[BlackElo "2109"]
[PlyCount "0"]
[WhiteTeam "BSS Frydek-Mistek "B""]
[BlackTeam "Panda Rychnov n. K."]
[EventDate "2018.10.21"]

1. e4 e6 2. d4 c5 3. c3 d5 4. exd5 exd5 5. Nf3 Bd6 6. Bb5+ Nc6 7. dxc5 Bxc5 8.
O-O Ne7 9. Nbd2 O-O 10. Nb3 Bd6 11. Nbd4 Qc7 12. h3 Bd7 13. Re1 Ng6 14. Bd3
Nce7 15. Nb5 Bxb5 16. Bxb5 Bc5 17. Be3 Rfd8 18. Bxc5 Qxc5 19. Nd4 Nc6 20. Bxc6
bxc6 21. Qa4 Rdc8 22. Re3 Qb6 23. Rae1 h6 24. Nf5 Rc7 25. Re8+ Rxe8 26. Rxe8+
Kh7 27. Qc2 Rb7 28. b3 Rb8 29. Qe2 Qc7 30. Rxb8 Qxb8 31. g3 Qd8 32. Qe3 Qd7 33.
Nd4 Ne7 34. Kg2 1/2-1/2

[Event "1. liga V 18/19, RnK-BSS"]
[Site ""]
[Date "2019.03.03"]
[Round "9.5"]
[White "Novotny, Josef"]
[Black "Mica, Marek"]
[Result "1-0"]
[WhiteElo "2006"]
[BlackElo "2240"]
[PlyCount "0"]
[WhiteTeam "Panda Rychnov n. K."]
[BlackTeam "BSS Frydek-Mistek "B""]
[EventDate "2018.10.21"]

1. e3 Nf6 2. d3 e6 3. Nc3 b6 4. Nf3 Bb7 5. e4 d5 6. e5 Nfd7 7. Bf4 a6 8. g3 c5
9. Bg2 Nc6 10. O-O Be7 11. h4 h6 12. Qd2 Qc7 13. Rfe1 b5 14. h5 Nb6 15. b3 Rc8
16. Ne2 c4 17. d4 a5 18. Nc3 Ba6 19. a4 bxa4 20. bxa4 Bb4 21. Reb1 Ne7 22. Qe1
Rb8 23. Bd2 Kd7 24. Ne2 Bxd2 25. Qxd2 c3 26. Nxc3 Rhc8 27. Nb5 Bxb5 28. Rxb5
Nc4 29. Qc3 Rxb5 30. axb5 Qb6 31. Rb1 Ke8 32. Qb3 Nf5 33. c3 Ra8 34. Qa4 Qc7
35. Bf1 Nb6 36. Qa3 a4 37. g4 Ne7 38. Bd3 Rc8 39. Rc1 Qa7 40. Nd2 Qa5 41. Nb3
Rxc3 42. Nxa5 Rxa3 43. Bf1 Kd7 44. Kg2 Ra2 45. Kf3 Rb2 46. Ra1 Rc2 47. Ke3 Rc3+
48. Kd2 Rf3 49. Be2 Rxf2 50. Nb7 a3 51. Ke1 Rf4 52. Rxa3 Rxd4 53. Nd6 Nec8 54.
Nxf7 Ke7 55. Nh8 Nc4 56. Ra8 Kd7 57. Ng6 N4b6 58. Ra3 Ra4 59. Rf3 Ra1+ 60. Kf2
Ra7 61. Rf7+ Kd8 62. Rf8+ Kc7 63. Re8 Ra2 64. Rxe6 d4 65. Nf4 Na4 66. Kf3 Nc3
67. Bd3 Ra5 68. Rg6 Nxb5 69. Bxb5 Rxb5 70. Rxg7+ Kc6 71. Ke4 Rb4 72. Nd3 Ra4
73. Rg6+ Kb5 74. Rxh6 Ne7 75. Rh7 Nc6 76. Rb7+ Ka5 77. Kd5 Ra3 78. Nc5 Nb4+ 79.
Kxd4 Nc2+ 80. Kd5 Ne3+ 81. Kc6 Rb3 82. Rxb3 Nf5 83. Rb5+ 1-0

[Event "1. liga V 18/19, RnK-BSS"]
[Site ""]
[Date "2019.03.03"]
[Round "9.6"]
[White "Gnojek, Petr"]
[Black "Horak, Jan"]
[Result "0-1"]
[WhiteElo "2147"]
[BlackElo "2128"]
[PlyCount "0"]
[WhiteTeam "BSS Frydek-Mistek "B""]
[BlackTeam "Panda Rychnov n. K."]
[EventDate "2018.10.21"]

1. d4 d5 2. Nf3 e6 3. c4 a6 4. Nc3 c6 5. Bg5 Be7 6. Bxe7 Qxe7 7. e3 Nf6 8. cxd5
exd5 9. Bd3 O-O 10. Qc2 Re8 11. O-O Nbd7 12. Rab1 Ne4 13. b4 Nb6 14. Ne5 f6 15.
f3 Ng5 16. h4 fxe5 17. hxg5 exd4 18. Bxh7+ Kf8 19. exd4 Qe3+ 20. Kh1 Qxg5 21.
g4 Nc4 22. Qh2 Re6 23. Ne4 Qh6 24. g5 Qxh2+ 25. Kxh2 dxe4 26. fxe4+ Ke7 27. Bg8
Nd2 28. Rf7+ Ke8 29. Rd1 Nxe4 30. Rdf1 Re7 31. Rf8+ Kd7 32. g6 Nf6 33. R1xf6
gxf6 34. Bf7 Rxf7 35. Rxf7+ Ke8 36. Rxf6 Bd7 37. Rf7 Rd8 38. Kg3 Be6 39. Rxb7
Rxd4 40. Rb6 Rg4+ 41. Kf2 Bd5 42. Rxa6 Rg2+ 43. Ke3 Rxa2 44. Rxa2 Bxa2 45. Kd4
Bb3 46. Ke5 Kf8 47. Kf6 Kg8 48. Kg5 Kg7 0-1

[Event "1. liga V 18/19, RnK-BSS"]
[Site ""]
[Date "2019.03.03"]
[Round "9.7"]
[White "Majocha, Piotr"]
[Black "Vantuch, Lucian"]
[Result "0-1"]
[WhiteElo "2028"]
[BlackElo "1978"]
[PlyCount "0"]
[WhiteTeam "Panda Rychnov n. K."]
[BlackTeam "BSS Frydek-Mistek "B""]
[EventDate "2018.10.21"]

1. c4 e5 2. Nc3 Nf6 3. Nf3 Nc6 4. g3 Bc5 5. Bg2 Ng4 6. O-O f5 7. e4 d6 8. d3
Nd4 9. Nxd4 Bxd4 10. exf5 Bxf5 11. Bxb7 O-O 12. Bd5+ Kh8 13. Qd2 Rb8 14. Nd1
Qf6 15. h3 Nh6 16. Kg2 Qg6 17. Be4 Bxe4+ 18. dxe4 Qxe4+ 19. f3 Qc6 20. Qe2 Nf5
21. Rb1 Rfe8 22. b3 e4 23. f4 e3+ 24. Kh2 Qe4 25. Bb2 Bxb2 26. Rxb2 Nd4 27.
Qxe3 Qxe3 28. Nxe3 Rxe3 29. Kg2 Rbe8 30. Rff2 Kg8 31. Rbd2 Nf5 32. Rf3 Rxf3 33.
Kxf3 Re3+ 34. Kg4 g6 35. Kg5 Kg7 0-1

[Event "1. liga V 18/19, RnK-BSS"]
[Site ""]
[Date "2019.03.03"]
[Round "9.8"]
[White "Beluska, Tereza"]
[Black "Pavlicek, Miroslav"]
[Result "1/2-1/2"]
[WhiteElo "1938"]
[BlackElo "1935"]
[PlyCount "0"]
[WhiteTeam "BSS Frydek-Mistek "B""]
[BlackTeam "Panda Rychnov n. K."]
[EventDate "2018.10.21"]

1. e4 e6 2. d4 d5 3. e5 c5 4. c3 Nc6 5. Nf3 Qb6 6. a3 a5 7. b3 Bd7 8. Be2 Nh6
9. O-O cxd4 10. cxd4 Nf5 11. Bb2 Be7 12. a4 f6 13. g4 Nh6 14. h3 Nf7 15. Na3 h5
16. Kg2 fxe5 17. Nxe5 Nfxe5 18. dxe5 Bxa3 19. Rxa3 Qb4 20. Ra1 Qf4 21. Qc1 O-O
22. Qxf4 Rxf4 23. f3 Rb4 24. Bd1 Nd4 25. Bc3 Nxb3 26. Bxb4 Nxa1 27. Bc3 Nc2 28.
Bxc2 Rc8 29. Bxa5 Rxc2+ 30. Rf2 Rc4 31. Rb2 Bc6 32. Rb4 hxg4 33. hxg4 Rc5 34.
Bb6 Rc3 35. Rd4 Ra3 36. a5 Bb5 37. Rd2 Kf7 38. Rc2 Bc4 39. Kg3 g5 40. Rh2 Bb3
41. Rh7+ Kg6 42. Rxb7 d4 43. Bxd4 Bd5 44. Rb4 Rxa5 1/2-1/2

[Event "1. liga V 18/19, Jundrov-BSS"]
[Site ""]
[Date "2019.03.24"]
[Round "10.1"]
[White "Buchnicek, Petr"]
[Black "Rojicek, Vojtech"]
[Result "1/2-1/2"]
[WhiteElo "2303"]
[BlackElo "2382"]
[PlyCount "0"]
[WhiteTeam "Jezdci Jundrov"]
[BlackTeam "BSS Frydek-Mistek "B""]
[EventDate "2018.10.21"]

1. e4 c5 2. c3 d6 3. d4 Nf6 4. Bd3 Nc6 5. Nf3
e5 6. dxe5 dxe5 7. h3 Be7 8. O-O O-O 9. Qe2 a6 10. a4 Qc7 11. Na3 Rb8 12. b3 h6
13. Nd2 Rd8 14. Bc2 Be6 15. Rd1 Bf8 16. Bb2 g6 17. Nf1 Nh5 18. Ne3 Nf4 19. Qf1
Rxd1 20. Rxd1 Rd8 1/2-1/2

[Event "1. liga V 18/19, Jundrov-BSS"]
[Site ""]
[Date "2019.03.24"]
[Round "10.2"]
[White "Jasny, Stanislav"]
[Black "Fiala, Vaclav"]
[Result "0-1"]
[WhiteElo "2353"]
[BlackElo "2307"]
[PlyCount "0"]
[WhiteTeam "BSS Frydek-Mistek "B""]
[BlackTeam "Jezdci Jundrov"]
[EventDate "2018.10.21"]

1. e4 c5 2. Nf3 d6 3. d4 cxd4 4. Nxd4 g6 5.
Nc3 Bg7 6. Be3 Nf6 7. f3 O-O 8. Qd2 d5 9. e5 Nfd7 10. f4 Nb6 11. Be2 Nc6 12.
Nxc6 bxc6 13. O-O-O Re8 14. g4 f6 15. h4 fxe5 16. fxe5 Bxe5 17. h5 Qd6 18. hxg6
hxg6 19. Bd4 Nd7 20. Bxe5 Qxe5 21. Rh6 Nf8 22. Rdh1 Be6 23. Bd3 Bf7 24. Qf2
Qg5+ 25. Kb1 e5 26. Qh2 e4 27. Rh3 exd3 28. Re3 dxc2+ 29. Kxc2 Qf6 30. Rh3 g5
31. Rh8+ Kg7 32. Rf1 Bg6+ 0-1

[Event "1. liga V 18/19, Jundrov-BSS"]
[Site ""]
[Date "2019.03.24"]
[Round "10.3"]
[White "Musil, Jiri"]
[Black "Vesselovsky, Serguei"]
[Result "1/2-1/2"]
[WhiteElo "2188"]
[BlackElo "2341"]
[PlyCount "0"]
[WhiteTeam "Jezdci Jundrov"]
[BlackTeam "BSS Frydek-Mistek "B""]
[EventDate "2018.10.21"]

1. d4 Nf6 2. c4 e6 3. Nf3 b6 4. a3 Ba6 5. Qc2 Bb7 6. Nc3 c5 7. e4 cxd4 8. Nxd4
Nc6 9. Nxc6 Bxc6 10. Bg5 Be7 11. Be2 Qb8 12. Rd1 a6 13. Bc1 b5 14. cxb5 axb5
15. b4 O-O 16. O-O Qb7 17. f3 d5 18. exd5 Nxd5 19. Nxd5 Bxd5 20. Bd3 h6 21. Bb2
Rxa3 22. Bxa3 Qa7+ 23. Qf2 Qxa3 24. Bxb5 Qxb4 25. Qe2 Ra8 26. Rd2 Bd6 27. Bd3
Ra3 28. g3 g6 29. Kg2 Kg7 30. Rb2 Qc3 31. Bb5 Qf6 32. Rc2 h5 33. Bc4 Bb7 34.
Ra2 Rxa2 35. Qxa2 Qd4 36. Qa1 Be5 {=} 37. Qxd4 Bxd4 38. Rd1 e5 39. Rb1 Bc6 40.
Bd3 Bd5 41. Be4 Be6 42. Rb7 Kf6 43. Rb5 Ke7 44. Bd5 Bxd5 45. Rxd5 Ke6 46. Ra5
f5 47. Ra6+ Kf7 48. Kf1 Kg7 49. Rd6 Kf7 50. Ke2 Kg7 51. Kd3 Bg1 52. h3 Bh2 53.
Rd7+ Kf6 54. g4 hxg4 55. hxg4 fxg4 56. fxg4 1/2-1/2

[Event "1. liga V 18/19, Jundrov-BSS"]
[Site ""]
[Date "2019.03.24"]
[Round "10.4"]
[White "Walter, Szymon"]
[Black "Skacelik, Petr"]
[Result "1/2-1/2"]
[WhiteElo "2316"]
[BlackElo "2175"]
[PlyCount "0"]
[WhiteTeam "BSS Frydek-Mistek "B""]
[BlackTeam "Jezdci Jundrov"]
[EventDate "2018.10.21"]

1. e4 c5 2. Nf3 Nc6 3. d4 cxd4 4. Nxd4 g6 5. c4 Bg7 6. Be3 Nf6 7. Nc3 d6 8. Be2
O-O 9. O-O Bd7 10. Nc2 a5 11. f4 Nb4 12. Nd4 Na6 13. Bf3 Nc5 14. g4 Ne8 15. Bg2
Nc7 16. f5 Rb8 17. a4 N7a6 18. g5 Nb4 19. h4 Be8 20. h5 Nc6 21. Rb1 Nxd4 22.
Bxd4 Bc6 23. Rf2 Qb6 24. Nd5 Bxd5 25. exd5 Bxd4 26. Qxd4 Nxa4 27. Qh4 Nc5 28.
Rd1 Nd7 29. Bh3 Ne5 30. Kg2 Qb3 31. Rd4 b5 32. hxg6 fxg6 33. f6 exf6 34. Be6+
Kh8 35. gxf6 Nf7 36. Rg4 Qd3 37. Rf3 Qc2+ 1/2-1/2

[Event "1. liga V 18/19, Jundrov-BSS"]
[Site ""]
[Date "2019.03.24"]
[Round "10.5"]
[White "Bednar, Jakub"]
[Black "Kubik, Michael"]
[Result "1-0"]
[WhiteElo "2185"]
[BlackElo "2252"]
[PlyCount "0"]
[WhiteTeam "Jezdci Jundrov"]
[BlackTeam "BSS Frydek-Mistek "B""]
[EventDate "2018.10.21"]

1. e4 c5 2. Nf3 d6 3. d4 cxd4 4. Nxd4 Nf6 5. Nc3 Nc6 6. Be2 e5 7. Nf3 Be7 8.
O-O O-O 9. Bg5 Be6 10. Bxf6 Bxf6 11. Nd5 Rc8 12. c4 Bg5 13. Nc3 a6 14. b3 Bh6
15. Qb1 f5 16. Rd1 Qe7 17. Nd5 Qf7 18. exf5 Bxf5 19. Bd3 g6 20. Be4 Rce8 21.
Qd3 Nd4 22. Bxf5 Nxf3+ 23. Qxf3 gxf5 24. Ne3 Re6 25. Rd5 Kh8 26. Rad1 Qg6 27.
Qg3 Qf6 28. Qh3 Qg6 29. c5 dxc5 30. Nc4 Bg7 31. Rxc5 e4 32. Rc7 b5 33. Ne3 f4
34. Rdd7 fxe3 35. Rxg7 exf2+ 36. Kf1 1-0

[Event "1. liga V 18/19, Jundrov-BSS"]
[Site ""]
[Date "2019.03.24"]
[Round "10.6"]
[White "Holeksa, Zdenek"]
[Black "Slepov, Kyryl"]
[Result "1-0"]
[WhiteElo "2232"]
[BlackElo "2156"]
[PlyCount "0"]
[WhiteTeam "BSS Frydek-Mistek "B""]
[BlackTeam "Jezdci Jundrov"]
[EventDate "2018.10.21"]

1. e4 e5 2. Nf3 Nf6 3. Nxe5 d6 4. Nf3 Nxe4 5. Nc3 Nxc3 6. dxc3 Be7 7. Bf4 O-O
8. Qd2 Nd7 9. O-O-O Nf6 10. Bd3 c5 11. h3 Qa5 12. a3 Be6 13. Ng5 Ba2 14. Rhe1
Rfe8 15. c4 Qa4 16. Qc3 h6 17. Nf3 Nd5 18. Qd2 Bxc4 19. Re4 Nxf4 20. Qxf4 d5
21. Rxc4 dxc4 22. Bxc4 Kh8 23. Ne5 Rf8 24. Nxf7+ Rxf7 25. Qxf7 Bf6 26. g3 b5
27. Qb7 Qxc4 28. Qxa8+ Kh7 29. Qd5 1-0

[Event "1. liga V 18/19, Jundrov-BSS"]
[Site ""]
[Date "2019.03.24"]
[Round "10.7"]
[White "Tovarek, Antonin"]
[Black "Taus, Martin"]
[Result "1-0"]
[WhiteElo "2003"]
[BlackElo "2117"]
[PlyCount "0"]
[WhiteTeam "Jezdci Jundrov"]
[BlackTeam "BSS Frydek-Mistek "B""]
[EventDate "2018.10.21"]

1. e4 d6 2. d4 Nf6 3. Nc3 e5 4. Nf3 Nbd7 5. Bc4 Be7 6. O-O h6 7. Re1 c6 8. h3
Qc7 9. Be3 g5 10. dxe5 dxe5 11. Nh2 Nf8 12. Qe2 Ng6 13. Rad1 Nf4 14. Qf1 Rg8
15. f3 h5 16. g4 b5 17. Bd3 Be6 18. a4 b4 19. Ne2 Qa5 20. Nxf4 gxf4 21. Bf2
hxg4 22. fxg4 Bxg4 23. Nxg4 Nxg4 24. hxg4 Rxg4+ 25. Kh2 Bf6 26. Qh3 Rg8 27. Be2
Rh8 28. Bh5 Rd8 29. Qe6+ 1-0

[Event "1. liga V 18/19, Jundrov-BSS"]
[Site ""]
[Date "2019.03.24"]
[Round "10.8"]
[White "Gnojek, Petr"]
[Black "Sipek, Michal"]
[Result "1/2-1/2"]
[WhiteElo "2147"]
[BlackElo "2019"]
[PlyCount "0"]
[WhiteTeam "BSS Frydek-Mistek "B""]
[BlackTeam "Jezdci Jundrov"]
[EventDate "2018.10.21"]

1. d4 g6 2. c4 Bg7 3. e4 d6 4. f3 e5 5. d5 f5 6. exf5 Bxf5 7. Nc3 Qh4+ 8. g3
Qe7 9. Bd3 Nf6 10. Nge2 Na6 11. Bxf5 gxf5 12. O-O O-O-O 13. Qa4 f4 14. Nb5 Kb8
15. gxf4 exf4 16. Ned4 Nd7 17. Ne6 Ndc5 18. Nxc5 Qg5+ 19. Kh1 dxc5 20. Bd2 Rhg8
21. Rg1 Qh5 22. Qb3 Bd4 23. Nxd4 cxd4 24. Bxf4 Nc5 25. Qa3 d3 26. Bxc7+ Kc8 27.
Rxg8 Rxg8 28. Bg3 Qxf3+ 29. Kg1 Ne4 30. Rf1 Qe3+ 31. Kg2 Qe2+ 32. Kg1 Qe3+ 33.
Kg2 Nxg3 34. Rf8+ Rxf8 35. Qxf8+ Kd7 36. Qg7+ Kd6 37. Qf8+ Qe7 38. Qf4+ Qe5 39.
Qf8+ Kd7 40. hxg3 Qe4+ 41. Qf3 Qxc4 42. Qf7+ Kd6 43. Qe6+ Kc5 44. Qe7+ Kb6 45.
Qd6+ Kb5 46. Qd7+ Kc5 47. Qe7+ Kd4 48. Qg7+ Kc5 49. Qxb7 Qxd5+ 50. Qxd5+ Kxd5
51. Kf3 Kd4 52. Kf2 Ke4 53. a4 Kd4 54. Ke1 a5 55. Kd2 h5 56. b3 Ke4 57. b4 axb4
58. a5 b3 59. a6 b2 60. a7 b1=Q 61. a8=Q+ Kf5 62. Qf3+ Kg6 1/2-1/2

[Event "1. liga V 18/19, Trinec-RnK"]
[Site ""]
[Date "2019.03.24"]
[Round "10.1"]
[White "Michalik, Peter"]
[Black "Sabuk, Piotr"]
[Result "1-0"]
[WhiteElo "2565"]
[BlackElo "2391"]
[PlyCount "0"]
[WhiteTeam "TZ Trinec"]
[BlackTeam "Panda Rychnov n. K."]
[EventDate "2018.10.21"]

1. d4 d5 2. c4 e6 3. Nf3 Nf6 4. g3 Bb4+ 5. Bd2 Be7 6. Bg2 O-O 7. Qc2 c6 8. O-O
Nbd7 9. Rd1 b6 10. b3 Bb7 11. Nc3 c5 12. dxc5 bxc5 13. cxd5 exd5 14. Nh4 Re8
15. Nf5 Bf8 16. Bg5 h6 17. Bf4 Nb6 18. Nb5 Nh5 19. Bd6 Ba6 20. Bxf8 Bxb5 21.
Bxg7 Bxe2 22. Bxh6 Bxd1 23. Qxd1 Qf6 24. Qxh5 Qxa1+ 25. Bf1 Re6 26. Bg7 Qxg7
27. Nxg7 Kxg7 28. Bh3 Rc6 29. Bg2 Rac8 30. Bxd5 Nxd5 31. Qxd5 R8c7 32. Qc4 Rd6
33. h4 Rcc6 34. Kg2 f5 35. Qf4 Rf6 36. h5 a6 37. Kh3 Rcd6 38. Qe3 Rc6 39. f3
Kf8 40. Qe5 Kf7 41. Kh4 Rc8 42. Qd5+ Kf8 43. Kg5 Rcc6 44. Qd8+ Kf7 45. Qh8 Rcd6
46. Qh7+ Kf8 47. h6 1-0